zpět

Detail výsledku týmu

Hells Bells Beer Pub, Praha

Datum a čas kvízu

24 Celkem bodů Celkový počet nahraných bodů na tomto kvízu bez doplňovacích otázek.
11. Pořadí na kvízu Konečné umístění týmu na tomto kvízu.

Zaznamenané odpovědi

# Otázka Odpověď Body Výsledky
1. „S teroristy se nevyjednává, s... tygra stane vegetarián 0
2. Dvaaosmdesátiletý prezident Ab... Alžírsko 0
3. Stejně jako je _____ _____ cen... Skleněný pokoj 1
4. Od 11. do 17. března proběhl n... Týden mozku 0
5. Po odvetách, které se hrály mi... Ajax Amsterdam, Juventus Turín 1
1. Začneme seriály Breaking Bad (... metamfetamin 1
2. Hlavní postava seriálu Ve jmén... Írán 1
3. V seriálu Boardwalk Empire ovl... Atlantic City 1
4. Herečku Robin Wrightovou, jedn... Forrest Gump 0
5. Ve filmech jako Tmavomodrý svě... David Novotný 0